<?xml version="1.0" encoding="UTF-8"?>
<record
    xmlns:xsi="http://www.w3.org/2001/XMLSchema-instance"
    xsi:schemaLocation="http://www.loc.gov/MARC21/slim http://www.loc.gov/standards/marcxml/schema/MARC21slim.xsd"
    xmlns="http://www.loc.gov/MARC21/slim">

  <leader>01940    a2200241   4500</leader>
  <controlfield tag="001">53085</controlfield>
  <controlfield tag="005">20260407155804.0</controlfield>
  <controlfield tag="008">260407a1994    arg                 spa d</controlfield>
  <controlfield tag="003">AR-UNSa-BCEJYS</controlfield>
  <datafield tag="040" ind1=" " ind2=" ">
    <subfield code="a">AR-UNSa-BCEJYS</subfield>
    <subfield code="b">spa</subfield>
    <subfield code="c">AR-UNSa-BCEJYS</subfield>
  </datafield>
  <datafield tag="080" ind1=" " ind2=" ">
    <subfield code="a">330.101.541</subfield>
    <subfield code="x">Macroeconom&#xED;a</subfield>
  </datafield>
  <datafield tag="245" ind1="1" ind2="0">
    <subfield code="a">Curso de macroeconom&#xED;a</subfield>
  </datafield>
  <datafield tag="020" ind1=" " ind2=" ">
    <subfield code="a">978-84-85855-73-5</subfield>
  </datafield>
  <datafield tag="264" ind1=" " ind2="1">
    <subfield code="a">Barcelona :</subfield>
    <subfield code="b">Antoni Bosch</subfield>
    <subfield code="c">1994</subfield>
  </datafield>
  <datafield tag="300" ind1=" " ind2=" ">
    <subfield code="a">586 p.</subfield>
    <subfield code="c">23 cm.</subfield>
  </datafield>
  <datafield tag="505" ind1=" " ind2=" ">
    <subfield code="a">1. Macroeconom&#xED;a:Conceptos e instrumentos - 2. Magnitudes macroecon&#xF3;micas b&#xE1;sicas - 3. Introducci&#xF3;n y supuestos del modelo - 4.Un modelo sencillo de determinaci&#xF3;n del nivel de renta - 5. La demanda de consumo - 6. La demanda de inversi&#xF3;n - 7. El equilibrio en el mercado de bienes:La curva IS - 8. La demanda de dinero - 9. El sistema monetario y la oferta de dinero - 10. El equilibrio en los mercados financieros:La curva LM - 11. El modelo IS-LM:El equilibrio del nivel de renta,la pol&#xED;tica monetaria y la pol&#xED;tica fiscal - 12. Introducci&#xF3;n del nivel de precios en el modeo IS-LM:La curva de demanda agregada - 13. El mercado del trabajo y la oferta agregada en un modelo Keynesiano - 14. El modelo Keynesiano completo.El papel de la pol&#xED;tica econ&#xF3;mica - 15. El modelo cl&#xE1;sico - 16. La inflaci&#xF3;n:Causas y efectos - 17. La relaci&#xF3;n entre inflaci&#xF3;n y desempleo - 18. Nueva Macroeconom&#xED;a Cl&#xE1;sica y nueva Macroeconom&#xED;a Keynesiana - 19. La balanza de pagos y los mercados de cambios - 20 La determinaci&#xF3;n del nivel de renta en una econom&#xED;a abierta - 21. El ajuste de la balanza de pagos - 22. La pol&#xED;tica monetaria y la pol&#xED;tica fiscal en una econom&#xED;a abierta - 23. La oferta agregada y la econom&#xED;a abierta</subfield>
  </datafield>
  <datafield tag="041" ind1=" " ind2=" ">
    <subfield code="a">spa</subfield>
  </datafield>
  <datafield tag="942" ind1=" " ind2=" ">
    <subfield code="c">BK</subfield>
  </datafield>
  <datafield tag="590" ind1=" " ind2=" ">
    <subfield code="a">niveau_biblio:m niveau_hierar:0</subfield>
  </datafield>
  <datafield tag="100" ind1="1" ind2=" ">
    <subfield code="a">Bajo, &#xD3;scar</subfield>
  </datafield>
  <datafield tag="700" ind1="1" ind2=" ">
    <subfield code="a">Mon&#xE9;s, Mar&#xED;a Antonia</subfield>
  </datafield>
  <datafield tag="856" ind1="4" ind2="1">
    <subfield code="u">https://www.biblioeco.unsa.edu.ar/pmb/images/libros/L128401.jpg</subfield>
    <subfield code="y">Imagen de portada</subfield>
    <subfield code="q">image/jpeg</subfield>
  </datafield>
  <datafield tag="999" ind1=" " ind2=" ">
    <subfield code="c">5072</subfield>
    <subfield code="d">5072</subfield>
  </datafield>
  <datafield tag="952" ind1=" " ind2=" ">
    <subfield code="0">0</subfield>
    <subfield code="1">0</subfield>
    <subfield code="4">0</subfield>
    <subfield code="7">0</subfield>
    <subfield code="a">BCEJYS</subfield>
    <subfield code="b">BCEJYS</subfield>
    <subfield code="c">16</subfield>
    <subfield code="d">2026-04-07</subfield>
    <subfield code="l">0</subfield>
    <subfield code="o">330.101.541 B165</subfield>
    <subfield code="p">L128401</subfield>
    <subfield code="r">2026-04-07 15:58:04</subfield>
    <subfield code="w">2026-04-07</subfield>
    <subfield code="y">L</subfield>
  </datafield>
</record>
